<?xml version="1.0" encoding="UTF-8"?><?xml-stylesheet type="text/xsl" href="static/style.xsl"?><OAI-PMH xmlns="http://www.openarchives.org/OAI/2.0/" xmlns:xsi="http://www.w3.org/2001/XMLSchema-instance" xsi:schemaLocation="http://www.openarchives.org/OAI/2.0/ http://www.openarchives.org/OAI/2.0/OAI-PMH.xsd"><responseDate>2026-04-13T06:54:34Z</responseDate><request verb="GetRecord" identifier="oai:www.recercat.cat:10459.1/84139" metadataPrefix="marc">https://recercat.cat/oai/request</request><GetRecord><record><header><identifier>oai:recercat.cat:10459.1/84139</identifier><datestamp>2024-12-05T21:24:01Z</datestamp><setSpec>com_2072_3622</setSpec><setSpec>col_2072_479130</setSpec></header><metadata><record xmlns="http://www.loc.gov/MARC21/slim" xmlns:dcterms="http://purl.org/dc/terms/" xmlns:xsi="http://www.w3.org/2001/XMLSchema-instance" xmlns:doc="http://www.lyncode.com/xoai" xsi:schemaLocation="http://www.loc.gov/MARC21/slim http://www.loc.gov/standards/marcxml/schema/MARC21slim.xsd">
   <leader>00925njm 22002777a 4500</leader>
   <datafield ind2=" " ind1=" " tag="042">
      <subfield code="a">dc</subfield>
   </datafield>
   <datafield ind2=" " ind1=" " tag="720">
      <subfield code="a">Torrelles Montanuy, Àngels</subfield>
      <subfield code="e">author</subfield>
   </datafield>
   <datafield ind2=" " ind1=" " tag="720">
      <subfield code="a">Cerviño Abeledo, Irimia</subfield>
      <subfield code="e">author</subfield>
   </datafield>
   <datafield ind2=" " ind1=" " tag="720">
      <subfield code="a">Lasheras Lalana, Pilar</subfield>
      <subfield code="e">author</subfield>
   </datafield>
   <datafield ind2=" " ind1=" " tag="260">
      <subfield code="c">2022-11-08T08:43:22Z</subfield>
   </datafield>
   <datafield ind2=" " ind1=" " tag="260">
      <subfield code="c">2022-11-08T08:43:22Z</subfield>
   </datafield>
   <datafield ind2=" " ind1=" " tag="260">
      <subfield code="c">2022</subfield>
   </datafield>
   <datafield ind2=" " ind1=" " tag="520">
      <subfield code="a">En España, el desarrollo conceptual de diversidad cultural ha quedado vinculado al fenómeno migratorio. La educación intercultural se presenta como una mirada educativa necesaria, con cierta trayectoria, que favorece propuestas inclusivas en la escuela. Sin embargo, la literatura científica pone de manifiesto el decalaje existente entre los enfoques discursivos presentes en los centros y el desarrollo de la práctica educativa interculturalizada que, en ocasiones, fomentan la segregación y la exclusión del alumnado de origen extranjero. El objetivo de este estudio es conocer los enfoques teóricos y el tipo de prácticas que predominan en los centros educativos de España. La investigación se apoya en un enfoque cuantitativo basado en la suministración de un cuestionario a la dirección de 1730 centros educativos. Los resultados indican que la educación intercultural no es una opción adoptada en la práctica de forma general por las escuelas participantes. Además, se profundiza en los enfoques y prácticas predominantes en los centros que manifestaron seguir una educación interculturalizada, permitiendo concluir que su conceptualización y desarrollo práctico continúan evolucionando. Sin embargo, sigue pendiente el reto de superar la folclorización de las acciones interculturales y que ésta sea una educación que se extienda a todo el alumnado.</subfield>
   </datafield>
   <datafield ind2=" " ind1=" " tag="520">
      <subfield code="a">Intercultural education is presented as a necessary educational approach to achieve an inclusive and quality school. Scientific literature highlights the existing mismatch between discursive approaches and educational practices developed in schools. The aim of this work is to find out the approaches of the discourses and the type of actions that predominate in the practical development of intercultural education at the Primary Education stage in Spanish schools, taking into account the ownership and percentage of pupils of foreign origin in these schools. The research is based on a mixed methodology in which a survey was given to the heads of 1730 schools in Spain and teachers from 5 schools were interviewed. The results indicate that the most influential study variable in the implementation of intercultural education in schools is the presence of students of foreign origin. As a general result, there is a discursive recognition of the value of intercultural education in schools, but its practical application through actions with an intercultural perspective is identified by only 42% of the schools. It is concluded that the understanding and practical development of intercultural education continues to evolve, although it is still pending to overcome the folklore of actions of specific typology and that this is an education extended in a general way for all students (enhancing intercultural competence) and from a broad perspective including the entire educational community.</subfield>
   </datafield>
   <datafield ind2=" " ind1=" " tag="520">
      <subfield code="a">Este trabajo se incluye en el proyecto de investigación “La diversidad cultural en  la  escuela:  discursos,  políticas  y  prácticas”,  con  código  (CSO2017-84872-R),  el  cual  ha recibido  financiación  del  Ministerio  de  Economía,  Industria  y  Competitividad,  a  través  de  la convocatoria Retos2018.</subfield>
   </datafield>
   <datafield ind1="8" ind2=" " tag="024">
      <subfield code="a">http://hdl.handle.net/10459.1/84139</subfield>
   </datafield>
   <datafield tag="653" ind2=" " ind1=" ">
      <subfield code="a">Discurso</subfield>
   </datafield>
   <datafield tag="653" ind2=" " ind1=" ">
      <subfield code="a">Diversidad cultural</subfield>
   </datafield>
   <datafield tag="653" ind2=" " ind1=" ">
      <subfield code="a">Educación intercultural</subfield>
   </datafield>
   <datafield tag="653" ind2=" " ind1=" ">
      <subfield code="a">Educación Primaria</subfield>
   </datafield>
   <datafield tag="653" ind2=" " ind1=" ">
      <subfield code="a">Práctica educativa</subfield>
   </datafield>
   <datafield ind2="0" ind1="0" tag="245">
      <subfield code="a">Educación intercultural en España: Enfoques de los discursos y prácticas en Educación Primaria</subfield>
   </datafield>
   <datafield ind2="0" ind1="0" tag="245">
      <subfield code="a">Intercultural  education  in  Spain:  theoretical  approaches  and  practices  in Primary Education</subfield>
   </datafield>
</record></metadata></record></GetRecord></OAI-PMH>